職場の常識事典 : 三省堂実用 27. V.27

Đã lưu trong:
书目详细资料
格式: 图书
出版: 三省堂 1992
标签: 添加标签
没有标签, 成为第一个标记此记录!
Thư viện lưu trữ: Mạng thư viện Đại học Đà Nẵng
LEADER 00509nam a2200217 a 4500
001 000028979
003 14628
005 20171030145630.0
008 171030s1992
040 |a LTT 
082 0 |a 302.2  |b Sh-B 
245 0 0 |a 職場の常識事典 : 三省堂実用 27.  |n V.27 
260 |b 三省堂  |c 1992 
500 |a SAIKA 
OWN |a LTT 
999 |a From the UDN01 
TYP |a Monograph 
TYP |a Printed language 
980 |a Mạng thư viện Đại học Đà Nẵng